| 000 | 00443nam a22001697a 4500 | ||
|---|---|---|---|
| 003 | CEME | ||
| 005 | 20210628203220.0 | ||
| 008 | 210119b xxu||||| |||| 00| 0 eng d | ||
| 020 | _a1-85166-194-8 | ||
| 040 | _cceme | ||
| 082 | _a667.9 SUR | ||
| 100 |
_aWilson, Alan D , Nicholson, John W , Prosser, Havard J _964027 |
||
| 245 | _aSurface coatings 2 | ||
| 260 | _bELSEVIER APPLIED SCIENCE | ||
| 650 |
_aCOATINGS _964028 |
||
| 942 |
_cBK _2ddc |
||
| 999 |
_c572675 _d572675 |
||